<?xml version="1.0" encoding="UTF-8"?>
<record
    xmlns:xsi="http://www.w3.org/2001/XMLSchema-instance"
    xsi:schemaLocation="http://www.loc.gov/MARC21/slim http://www.loc.gov/standards/marcxml/schema/MARC21slim.xsd"
    xmlns="http://www.loc.gov/MARC21/slim">

  <leader>02028    a2200193   4500</leader>
  <controlfield tag="001">25498</controlfield>
  <controlfield tag="005">20260407155539.0</controlfield>
  <controlfield tag="008">260407a1967    arg                 spa d</controlfield>
  <controlfield tag="003">AR-UNSa-BCEJYS</controlfield>
  <datafield tag="040" ind1=" " ind2=" ">
    <subfield code="a">AR-UNSa-BCEJYS</subfield>
    <subfield code="b">spa</subfield>
    <subfield code="c">AR-UNSa-BCEJYS</subfield>
  </datafield>
  <datafield tag="080" ind1=" " ind2=" ">
    <subfield code="a">657.05</subfield>
    <subfield code="x">Contabilidad de gesti&#xF3;n (Contabilidad gerencial, control de gesti&#xF3;n...)</subfield>
  </datafield>
  <datafield tag="245" ind1="1" ind2="0">
    <subfield code="a">Conferencia Interamericana de Contabilidad</subfield>
    <subfield code="p">Subcomisi&#xF3;n de estudio sobre Contabilidad Gerencial. Informe sobre la labor realizada en la Rep&#xFA;blica Argenrtina o con participaci&#xF3;n de la Argentina, desde el comienzo de la VII Conferencia Interamericana de Contabilidad hasta la presente</subfield>
  </datafield>
  <datafield tag="264" ind1=" " ind2="1">
    <subfield code="a">Buenos Aires :</subfield>
    <subfield code="b">Ediciones Macchi</subfield>
    <subfield code="c">1967</subfield>
  </datafield>
  <datafield tag="300" ind1=" " ind2=" ">
    <subfield code="a">217 p.</subfield>
    <subfield code="c">23 cm.</subfield>
  </datafield>
  <datafield tag="505" ind1=" " ind2=" ">
    <subfield code="a">1. Antecedentes - 2. Recomendaciones aprobadas por la VII Conferencia Interamericana de Contabilidad en materia Contabilidad Gerencial - 3. Principales conclusiones de los trabajos presentados a la VII Conferencia Interamericana de Contabilidad - 4. Relevamiento de opiniones sobre Contabilidad Gerencial, efectuado durante la VII Conferencia Interamericana de Contabilidad - 5. Encuesta sobre la Ense&#xF1;anza de la Contabilidad Gerencial, efectuada en oportunidad de la VII C.I.C. - 6. Jornadas de Contabilidad Gerencial de Rosario - 7. Primer seminario de Contabilidad gerencial de Bah&#xED;a Blanca - 8. Primer congreso Interamericano de Ense&#xF1;anza Superior de la Contabilidad - 9. Sexta jornadas Argentina de investigaci&#xF3;n operativa - 10. Tercera reuni&#xF3;n de la asociaci&#xF3;n argentina para la ense&#xF1;anza de contabilidad, administraci&#xF3;n y econom&#xED;a - 11. Congreso nacional de Contadores del Uruguay - 12. Segundo seminario de Contabilidad Gerencial de Bah&#xED;a Blanca - 13. Actividades cumplidas en Buenos Aires sobre contabilidad gerencial - 14. Trabajos preparados para la VII conferencia interamericana de contabilidad - 15. Trabajos preparados para el IX Congreso mundial de contabilidad.</subfield>
  </datafield>
  <datafield tag="942" ind1=" " ind2=" ">
    <subfield code="c">BK</subfield>
  </datafield>
  <datafield tag="590" ind1=" " ind2=" ">
    <subfield code="a">niveau_biblio:m niveau_hierar:0</subfield>
  </datafield>
  <datafield tag="100" ind1="1" ind2=" ">
    <subfield code="a">Herrscher, Enrique G.</subfield>
  </datafield>
  <datafield tag="999" ind1=" " ind2=" ">
    <subfield code="c">1390</subfield>
    <subfield code="d">1390</subfield>
  </datafield>
  <datafield tag="952" ind1=" " ind2=" ">
    <subfield code="0">0</subfield>
    <subfield code="1">0</subfield>
    <subfield code="4">0</subfield>
    <subfield code="7">0</subfield>
    <subfield code="a">BCEJYS</subfield>
    <subfield code="b">BCEJYS</subfield>
    <subfield code="c">16</subfield>
    <subfield code="d">2026-04-07</subfield>
    <subfield code="l">0</subfield>
    <subfield code="o">657.05 H564</subfield>
    <subfield code="p">L21568</subfield>
    <subfield code="r">2026-04-07 15:55:39</subfield>
    <subfield code="w">2026-04-07</subfield>
    <subfield code="y">L</subfield>
  </datafield>
</record>
